Sports Quiz

Random Sports or Basketball Quiz

Players Who Shoot Better From Three Quiz Stats

 Plays Quiz not verified by Sporcle

Challenge
Share
Tweet
Embed
Score 0/102 Timer 10:00
0 Plays Today
Season, Team Player % Correct
2014-15, ATLKyle Korver
100%
2014-15, NOPEric Gordon
75%
2009-10, UTAKyle Korver
70.7%
2011-12, CHIKyle Korver
70.7%
2003-04, PHIKyle Korver
70.7%
2011-12, MIAMike Miller
69%
1998-99, DALSteve Nash
67.2%
2000-01, SEAShammond Williams
63.8%
1998-99, PORWalt Williams
63.8%
2001-02, HOUWalt Williams
63.8%
2000-01, HOUWalt Williams
63.8%
2001-02, SASSteve Smith
62.1%
1995-96, CHISteve Kerr
60.3%
1989-90, CLESteve Kerr
60.3%
2012-13, GSWStephen Curry
55.2%
2007-08, PORJames Jones
55.2%
2010-11, MIAJames Jones
55.2%
2000-01, TORDell Curry
55.2%
2007-08, CLEDamon Jones
55.2%
2011-12, MIAJames Jones
55.2%
2004-05, INDJames Jones
55.2%
2006-07, PHOJames Jones
55.2%
2004-05, PHOJoe Johnson
53.4%
2007-08, NOHPeja Stojakovic
50%
2015-16, CLEMatthew Dellavedova
50%
2014-15, DET/OKCKyle Singler
50%
2014-15, ORLChanning Frye
50%
2014-15, LALNick Young
50%
2010-11, ATL/WASMike Bibby
44.8%
2009-10, DALJason Kidd
44.8%
2012-13, NYKSteve Novak
44.8%
2005-06, MEMBobby Jackson
44.8%
2005-06, CHIBen Gordon
39.7%
2005-06, DETChauncey Billups
39.7%
Season, Team Player % Correct
2003-04, SASHedo Turkoglu
39.7%
2001-02, LALDerek Fisher
39.7%
2010-11, LALDerek Fisher
39.7%
1998-99, LALDerek Fisher
39.7%
2011-12, LACChauncey Billups
39.7%
2012-13, MIAShane Battier
37.9%
2011-12, SAS/GSWRichard Jefferson
37.9%
1999-00, DALHubert Davis
36.2%
2000-01, DAL/WASHubert Davis
36.2%
2001-02, WASHubert Davis
36.2%
1998-99, DALHubert Davis
36.2%
2000-01, PORGreg Anthony
34.5%
2006-07, MIAJason Kapono
31%
2004-05, CHAJason Kapono
31%
2012-13, CHIKirk Hinrich
31%
2003-04, CHIKirk Hinrich
31%
2009-10, CLEDaniel Gibson
29.3%
2007-08, CLEDaniel Gibson
29.3%
2007-08, SASBruce Bowen
29.3%
2010-11, CLEDaniel Gibson
29.3%
2012-13, WASCartier Martin
29.3%
2011-12, CLEDaniel Gibson
29.3%
1998-99, TORDee Brown
29.3%
2012-13, CLEDaniel Gibson
29.3%
1995-96, GSWB.J. Armstrong
25.9%
2004-05, ORL/SACCuttino Mobley
25.9%
1995-96, WSBTim Legler
22.4%
1999-00, VANDennis Scott
20.7%
2009-10, MILBrandon Jennings
20.7%
1987-88, MIL/PHXCraig Hodges
19%
1989-90, CHICraig Hodges
19%
1986-87, DALDetlef Schrempf
19%
2010-11, LALSteve Blake
19%
2006-07, NJNEddie House
17.2%
Season, Team Player % Correct
2012-13, UTARandy Foye
17.2%
2007-08, CHAMatt Carroll
15.5%
1999-00, DETLindsey Hunter
15.5%
1995-96, DETLindsey Hunter
15.5%
2008-09, MIADaequan Cook
15.5%
2008-09, CHAD.J. Augustin
13.8%
2009-10, CHAD.J. Augustin
13.8%
2012-13, INDD.J. Augustin
13.8%
2003-04, SACAnthony Peeler
12.1%
2001-02, LACEric Piatkowski
12.1%
2000-01, ORLPat Garrity
12.1%
2001-02, ORLPat Garrity
12.1%
2001-02, SEAVladimir Radmanovic
12.1%
2005-06, MIAJames Posey
12.1%
2011-12, CHIC.J. Watson
12.1%
2001-02, WASTyronn Lue
10.3%
2003-04, INDAustin Croshere
10.3%
2004-05, PORNick Van Exel
10.3%
1988-89, MIAJon Sundvold
8.6%
2006-07, HOULuther Head
8.6%
1989-90, MIAJon Sundvold
8.6%
1997-98, VANSam Mack
8.6%
1990-91, SACJim Les
6.9%
1999-00, HOUMatt Bullard
6.9%
1992-93, SACJim Les
6.9%
2011-12, ORLChris Duhon
6.9%
1995-96, MIAKeith Askins
6.9%
2000-01, DALHoward Eisley
6.9%
2004-05, CHIChris Duhon
6.9%
2003-04, PHOCasey Jacobsen
5.2%
2008-09, MIAChris Quinn
5.2%
1985-86, NYKErnie Grunfeld
3.4%
2015-16, MILJerryd Bayless
0%
2015-16, PHIIsaiah Canaan
0%

You're not logged in!

Compare scores with friends on all Sporcle quizzes.
OR
Log In

You Might Also Like...

Show Comments

Extras

Top Quizzes Today


Score Distribution

Your Account Isn't Verified!

In order to create a playlist on Sporcle, you need to verify the email address you used during registration. Go to your Sporcle Settings to finish the process.

Report this User

Report this user for behavior that violates our Community Guidelines.

Details: